00525nam a2200193 a 4500001001300000003000900013005001700022008004100039020002300080082001800103100002000121245005700141260004400198300000900242500003500251505001000286650001500296700002000311nice12345678IN_TiNIC20260116013754.0050524s1999 lona grp 000 0 eng  a0198234 c97500a346.5406bGUM aGummow, William aChange and Continuityb State, Equity and Federalism aLondan bOxford University Press c1999 a122p aincludes index and biblioraphy2 aIndex aLaws-India1 aGummow, William